Moderné technológie distribučnej logistiky vo vybranom podniku diplomová práca

Gespeichert in:
Bibliographische Detailangaben
1. Verfasser: Bartovičová, Veronika
Körperschaft: Fakulta podnikového manažmentu EU. Katedra manažmentu výroby a logistiky - zrušená
Weitere Verfasser: Richnák, Patrik, 1988-
Format: Buch
Sprache:Slowakisch
Veröffentlicht: Bratislava 2019
Tags: Tag hinzufügen
Keine Tags, Fügen Sie das erste Tag hinzu!

MARC

LEADER 00000nbm a2200000 4500
001 0255399
005 20190626094620.2
041 0 |a slo 
044 |a SK 
245 1 0 |a Moderné technológie distribučnej logistiky vo vybranom podniku  |b diplomová práca  |c Veronika Bartovičová ; školiteľ: Patrik Richnák 
264 1 |a Bratislava  |c 2019 
300 |a 70 s. 
100 1 |a Bartovičová, Veronika 
700 1 |a Richnák, Patrik, 1988- 
710 2 |a Fakulta podnikového manažmentu EU. Katedra manažmentu výroby a logistiky - zrušená